Oldest Living AL MVPs - Statistics

General Stats
  • This quiz has been taken 4 times
  • The average score is 8 of 10
Answer Stats
Age Player % Correct
82 Boog Powell
100%
84 Carl Yastrzemski
100%
72 Fred Lynn
100%
71 Jim Rice
100%
80 Denny McLain
75%
73 Jeff Burroughs
75%
78 Rod Carew
75%
77 Rollie Fingers
75%
78 Reggie Jackson
50%
98 Bobby Shantz
25%
No matching quizzes found
Score Distribution
Percent of People with Each Score
Percentile by Number Answered
Your Score History
You have not taken this quiz